000
00268nam a2200121Ia 4500
008
191201s2019 xx 000 0 und d
100
_a
POONIA, MP
245
0
_a
Environmental Studies
260
_b
Khanna Pub
_c
2019
300
_a
438
650
_a
MCA
942
_2
ddc
_c
BK
999
_c
6813
_d
6813